00563 2200229 4500001002100000005001700021008004100038020001800079035002400097082001100121090001800132100001500150245004300165250001100208260002700219300002400246650001200270850001500282980001500297985000600312999001500318YOGYA-0209000006111520090227035903.0 ind  a979-404-027-4 0010-020900000061115 a746.41 a746.41bGar B aGARHA, Oho aBerbagai motif anyamancoleh Oho Garha aCet. 1 aBandungbAngkasac1990 a71 hlmbilusc21 cm aAnyaman aYOPDYOG(M) a08-02-2008 a1 aP000000828